Pays qui possédaient Tirana à travers l'histoire - Statistiques

Statistiques générales
  • Ce quiz a été pris 53 fois
  • Le résultat moyen est 6 sur 10
Statistiques - réponses
Période Pays % Correct
1943 - Aujourd'hui Albanie
91%
1912 - 1928 Principauté d'Albanie
91%
1928 - 1939 Royaume d'Albanie
91%
1671 - 1912 Empire Ottoman
83%
1939 - 1943 Royaume d'Italie
83%
1915 - 1918 Empire Allemand
72%
1915 - 1918 Empire d'Autriche-Hongrie
55%
1915 - 1918 Royaume de Bulgarie
45%
1418 - 1671 République de Venise
17%
Projet 2025 État souverain de l'ordre des Bektachi
4%
Aucun quiz correspondant
Distribution des résultats
% des personnes avec chaque résultat
Percentile par nombre de réponses
Votre historique - résultats
Vous n’avez pas pris ce quiz